000 00474 a2200145 4500
245 _aVersions of Zimbabwe
_b : new approaches to literature and culture
_hprint
020 _a1779220367
650 _aENGLISH LITERATURE
005 20191021095433.0
260 _arh
_bWeaver Press
_cc2005
084 _aPL8014.Z55 V47 2005
300 _axxii, 262 p.
_b 22 cm.
_cxxii, 262 p. ; 22 cm.
500 _aedited by Robert Muponde and Ranka Primorac.
999 _c12235
_d12235